LEADER 01363nam a2200301 i 4500 001 000000051682 003 CaOOAMICUS 005 20140528000000.0 008 140528s1986 it u000 u ita u 013 $a22854 020 $a88-211-6773-9 040 $aSeMil$bita 100 1 $aJüngel, Eberhard,$d<1934-2021>.$0(OLS)http://semarc/name/3445 240 10$aEinführung in Leben und Werk Karl Barths, in Barth-Studien.$0(OLS)http://semarc/title/79222 245 12$aL'essere di Dio è nel divenire :$bdue studi sulla teologia di Karl Barth /$cEberhard Jüngel. 260 $aCasale Monferrato :$bMarietti,$ccopyr. 1986. 300 $a181 p. ;$c22 cm. 490 0 $aDabar. Saggi teologici ;$v10 500 $aContiene : Biografia. 600 14$aBarth, Karl <1886-1968>.$0(OLS)http://semarc/subject/5748 650 4$aDio - Teologia.$0(OLS)http://semarc/subject/1408 830 0$aDabar. Saggi teologici ;$v10.$0(OLS)http://semarc/title/6537 850 $aSeMil 852 $aSeMil$W1$xVenegono$y1$m2K III 295$j17837$B17837$CSeMilBibl$Z2$F17838 $81 961 $aOmaggio: Donazione 996 $6020$a88-211-6773-9$9(OLS)http://semarc/number/25848 996 $6245$aL'essere di Dio è nel divenire :$bdue studi sulla teologia di Karl Barth$9(OLS)http://semarc/title/79221 996 $6260$aCasale Monferrato :$bMarietti$9(OLS)http://semarc/publisher/29936